El legado de un maestro (Record no. 169257)

MARC details
000 -LEADER
campo de control de longitud fija 00861nam a2200241 i 4500
001 - NÚMERO DE CONTROL
campo de control 169257
003 - IDENTIFICADOR DE NÚMERO DE CONTROL
campo de control ES-MaACL
005 - FECHA Y HORA DE LA ÚLTIMA TRANSACCIÓN
campo de control 20250415213645.0
008 - DATOS DE LONGITUD FIJA--INFORMACIÓN GENERAL
campo de control de longitud fija 080826s2007 sp |||| | spa d
017 ## - NÚMERO DE COPYRIGHT O DE DEPÓSITO LEGAL
Número de copyright o de depósito legal B-39.900-07
020 ## - NÚMERO INTERNACIONAL ESTÁNDAR DEL LIBRO
Número Internacional Estándar del Libro 978-84-96831-38-4
080 ## - NÚMERO DE LA CLASIFICACIÓN DECIMAL UNIVERSAL
Número de la Clasificación Decimal Universal 929 Sacristán, Manuel (082.2)
245 03 - MENCIÓN DEL TÍTULO
Título El legado de un maestro
Resto del título : homenaje a Manuel Sacristán /
Mención de responsabilidad, etc. Salvador López Arnal e Iñaki Vázquez Álvarez (editores).
260 ## - PUBLICACIÓN, DISTRIBUCIÓN, ETC.
Lugar de publicación, distribución, etc. [Barcelona] :
Nombre del editor, distribuidor, etc. Fundación de Investigaciones Marxistas,
Fecha de publicación, distribución, etc. 2007.
300 ## - DESCRIPCIÓN FÍSICA
Extensión 323 p. ;
Dimensiones 24 cm.
500 ## - NOTA GENERAL
Nota general Subtítulo tomado de la cub.
504 ## - NOTA DE BIBLIOGRAFÍA, ETC.
Nota de bibliografía, etc. Referencias bibliográficas.
600 14 - PUNTO DE ACCESO ADICIONAL DE MATERIA--NOMBRE DE PERSONA
Nombre de persona Sacristán, Manuel,
Fechas asociadas al nombre 1925-1985
9 (RLIN) 101268
700 1# - ENTRADA AGREGADA--NOMBRE PERSONAL
Nombre de persona López Arnal, Salvador.
9 (RLIN) 73419
700 1# - ENTRADA AGREGADA--NOMBRE PERSONAL
Nombre de persona Vázquez Álvarez, Iñaki.
9 (RLIN) 138342
852 4# - LOCALIZACIÓN
Ubicación ES-MaACL
Número de control de estantería L-29734
itemnumber R.143220
Holdings
Estatus retirado Estado de pérdida Estado de daño No para préstamo Biblioteca de origen Biblioteca actual Ubicación en estantería Fecha de adquisición Fuente de adquisición Total de préstamos Signatura topográfica completa Código de barras Visto por última vez Precio de reemplazo Tipo de ítem Koha
        Biblioteca del Ateneo de Madrid Biblioteca del Ateneo de Madrid Depósito 2 26/08/2008     L-29734 1177700 23/02/2023 23/02/2023 Libro impreso